Statistics for Most Common Languages in Toronto

Click here to take the quiz!

General Stats

  • This quiz has been taken 49 times
  • The average score is 12 of 15

Answer Stats

# of ResidentsAnswer% Correct
1,391,685English
100%
34,115French
100%
78,575Spanish
93%
50,995Italian
87%
112,620Mandarin
87%
33,770Russian
82%
60,360Portuguese
80%
82,185Tagalog
80%
32,985Arabic
78%
103,530Cantonese
73%
32,805Korean
69%
34,460Urdu
69%
50,490Persian
62%
31,335Bengali
53%
52,905Tamil
51%

Score Distribution

Percentile by Number Answered

Percent of People with Each Score

Your Score History

You have not taken this quiz